10 krajów przyjmujących najwięcej turystów - Statystyki

Ogólne statystyki
  • Ten quiz został rozwiązany 297 razy
  • Średni wynik to 8 z 10
Statystyki odpowiedzi
Hint Odpowiedź % Poprawnych
75,9 mln Stany Zjednoczone
96%
86,9 mln Francja
95%
81,8 mln Hiszpania
95%
58,3 mln Włochy
93%
60,7 mln Chiny
88%
37,5 mln Niemcy
87%
37,7 mln Wielka Brytania
82%
39,3 mln Meksyk
71%
37,6 mln Turcja
69%
35,4 mln Tajlandia
46%
Nie znaleziono quizów pasujących do podanych kryteriów
Rozkład punktacji
Procent ludzi z każdym wynikiem
Percentyl według liczby udzielonych odpowiedzi
Twoja historia wyników
Nie rozwiązałeś tego quizu